| 000 | 00414nam a2200157 i 4500 | ||
|---|---|---|---|
| 001 | 21608 | ||
| 003 | ES-MaACL | ||
| 005 | 20230906152519.0 | ||
| 007 | t| | ||
| 008 | 021126s1958 sp ||||1| spa d | ||
| 100 | 1 |
_aAlcántara, Manuel. _919497 |
|
| 245 | 1 | 3 |
_aEl embarcadero _b: poemas / _cManuel Alcántara. |
| 260 |
_aMadrid : _bPabellón, _c[1958] |
||
| 300 |
_a104 p. ; _c22 cm. |
||
| 852 |
_aES-MaACL _jC-15754 |
||
| 999 |
_c21608 _d21608 |
||